Miasta przy Drodze Krajowej nr 45 - Statystyki

Ogólne statystyki
  • Ten quiz został rozwiązany 34 razy
  • Średni wynik to 5 z 8
Statystyki odpowiedzi
Ludność Województwo Miasto % Poprawnych
128 035 Opolskie Opole
96%
23 554 Opolskie Kluczbork
77%
54 739 Śląskie Racibórz
77%
16 721 Opolskie Krapkowice
73%
22 269 Łódzkie Wieluń
69%
3 363 Łódzkie Złoczew
50%
7 791 Opolskie Praszka
46%
2 489 Opolskie Gorzów Śląski
38%
Nie znaleziono quizów pasujących do podanych kryteriów
Rozkład punktacji
Procent ludzi z każdym wynikiem
Percentyl według liczby udzielonych odpowiedzi
Twoja historia wyników
Nie rozwiązałeś tego quizu